000 00304nam a22001337a 4500
008 171019b xxu||||| |||| 00| 0 eng d
020 _a9780521367042
041 _aeng
080 _a338
100 _a53
101 _aMEN
245 _aECONOMIC ANALYSIS OF PROPERTY RIGHTS
_cBARZEL,Y
942 _2udc
_cBK
999 _c34830
_d34830